{"text_format":"3","workbook":"xlsx","n_sheets":1,"sheets":["t267"],"read":"whole","date_system":"1900"}

{"sheet":"t267","index":0,"n_rows":229,"n_cols":7,"rows_kept":229,"merged":[[0,0,0,6],[30,0,30,5],[50,0,50,5],[163,0,163,5]]}
["TABELA 267.1 - Estatísticas Agrícolas, Município de Itatiba, Estado de São Paulo, 2007/08."]
["ITEM","UNIDADE","N.DE UPAs","MÍNIMO","MÉDIO","MÁXIMO","TOTAL"]
["Distância à sede do município","km",773,{"v":1,"d":"1.0"},{"v":9.63,"d":"9.6"},{"v":25,"d":"25.0"},"-"]
["Área total","hectare",773,0.6,{"v":33.37,"d":"33.4"},{"v":1475,"d":"1,475.0"},{"v":25796.2,"d":"25,796.2"}]
["Área com cultura perene","hectare",245,0.1,{"v":3.35,"d":"3.4"},60.9,819.9]
["Área com cultura temporária","hectare",247,0.1,11.2,{"v":700,"d":"700.0"},{"v":2766.7,"d":"2,766.7"}]
["Área com pastagem","hectare",603,0.1,{"v":22.79,"d":"22.8"},592.6,{"v":13743.5,"d":"13,743.5"}]
["Área com reflorestamento","hectare",179,0.1,{"v":14.45,"d":"14.5"},{"v":296,"d":"296.0"},{"v":2585.9,"d":"2,585.9"}]
["Área com vegetação natural","hectare",457,0.1,{"v":7.32,"d":"7.3"},{"v":370,"d":"370.0"},{"v":3346.6,"d":"3,346.6"}]
["Área com vegetação de brejo e várzea","hectare",165,0.1,{"v":1.94,"d":"1.9"},{"v":97,"d":"97.0"},320.1]
["Área em descanso","hectare",144,0.1,{"v":3.57,"d":"3.6"},{"v":30,"d":"30.0"},514.3]
["Área complementar","hectare",710,0.1,{"v":2.39,"d":"2.4"},{"v":80,"d":"80.0"},{"v":1699.2,"d":"1,699.2"}]
["Área das UPAs com (0, 1] ha","hectare",6,0.6,{"v":0.82,"d":"0.8"},{"v":1,"d":"1.0"},4.9]
["Área das UPAs com (1, 2] ha","hectare",37,1.1,{"v":1.75,"d":"1.8"},{"v":2,"d":"2.0"},64.7]
["Área das UPAs com (2, 5] ha","hectare",200,2.1,{"v":3.56,"d":"3.6"},{"v":5,"d":"5.0"},711.5]
["Área das UPAs com (5, 10] ha","hectare",172,5.1,{"v":7.56,"d":"7.6"},{"v":10,"d":"10.0"},{"v":1300.9,"d":"1,300.9"}]
["Área das UPAs com (10, 20] ha","hectare",134,10.1,{"v":14.38,"d":"14.4"},{"v":20,"d":"20.0"},{"v":1926.9,"d":"1,926.9"}]
["Área das UPAs com (20, 50] ha","hectare",134,20.2,{"v":32.16,"d":"32.2"},49.9,{"v":4309.9,"d":"4,309.9"}]
["Área das UPAs com (50, 100] ha","hectare",45,50.4,{"v":66.14,"d":"66.1"},96.8,{"v":2976.2,"d":"2,976.2"}]
["Área das UPAs com (100, 200] ha","hectare",21,101.1,{"v":139.98,"d":"140.0"},{"v":200,"d":"200.0"},{"v":2939.5,"d":"2,939.5"}]
["Área das UPAs com (200, 500] ha","hectare",17,224.7,{"v":356.19,"d":"356.2"},{"v":491,"d":"491.0"},{"v":6055.2,"d":"6,055.2"}]
["Área das UPAs com (500, 1.000] ha","hectare",6,{"v":578,"d":"578.0"},{"v":671.92,"d":"671.9"},883.4,{"v":4031.5,"d":"4,031.5"}]
["Área das UPAs com (1.000, 2.000] ha","hectare",1,{"v":1475,"d":"1,475.0"},{"v":1475,"d":"1,475.0"},{"v":1475,"d":"1,475.0"},{"v":1475,"d":"1,475.0"}]
["Área das UPAs com (2.000, 5.000] ha","hectare","-","-","-","-","-"]
["Área das UPAs com (5.000, 10.000] ha","hectare","-","-","-","-","-"]
["Área das UPAs acima de 10.000 ha","hectare","-","-","-","-","-"]
["Familiares do proprietário que trabalham na UPA","unidade",432,{"v":1,"d":"1.0"},{"v":2.26,"d":"2.3"},{"v":15,"d":"15.0"},{"v":976,"d":"976.0"}]
["Trabalhadores permanentes","unidade",408,{"v":1,"d":"1.0"},{"v":3.17,"d":"3.2"},{"v":120,"d":"120.0"},{"v":1295,"d":"1,295.0"}]
["Fonte: Secretaria de Agricultura e Abastecimento, CDRS/IEA, Projeto LUPA."]
[]
["TABELA 267.2 - Explorações Animais, Município de Itatiba, Estado de São Paulo, 2007/08."]
["ITEM","UNIDADE","N.DE UPAs","MÍNIMO","MÉDIO","MÁXIMO","TOTAL"]
["Apicultura","colmeias",2,{"v":13,"d":"13.0"},26.5,{"v":40,"d":"40.0"},{"v":53,"d":"53.0"}]
["Asininos E Muares","cabeças",24,{"v":1,"d":"1.0"},{"v":3.08,"d":"3.1"},{"v":20,"d":"20.0"},{"v":74,"d":"74.0"}]
["Avestruzes e Ema (Criadouro)","cabeças",3,{"v":9,"d":"9.0"},{"v":53,"d":"53.0"},{"v":100,"d":"100.0"},{"v":159,"d":"159.0"}]
["Avicultura de Corte","cabeças/ano",20,{"v":50,"d":"50.0"},{"v":162152.5,"d":"162,152.5"},{"v":540000,"d":"540,000.0"},{"v":3243050,"d":"3,243,050.0"}]
["Avicultura Ornamental/Decorativa/Exótica","cabeças",2,{"v":100,"d":"100.0"},{"v":575,"d":"575.0"},{"v":1050,"d":"1,050.0"},{"v":1150,"d":"1,150.0"}]
["Bovinocultura de Corte","cabeças",83,{"v":3,"d":"3.0"},{"v":115.78,"d":"115.8"},{"v":850,"d":"850.0"},{"v":9610,"d":"9,610.0"}]
["Bovinocultura Leiteira","cabeças",33,{"v":2,"d":"2.0"},{"v":33.24,"d":"33.2"},{"v":460,"d":"460.0"},{"v":1097,"d":"1,097.0"}]
["Bovinocultura Mista","cabeças",198,{"v":1,"d":"1.0"},{"v":25.57,"d":"25.6"},{"v":590,"d":"590.0"},{"v":5063,"d":"5,063.0"}]
["Bubalinocultura","cabeças",3,{"v":4,"d":"4.0"},{"v":33,"d":"33.0"},{"v":87,"d":"87.0"},{"v":99,"d":"99.0"}]
["Caprinocultura","cabeças",9,{"v":3,"d":"3.0"},{"v":24,"d":"24.0"},{"v":120,"d":"120.0"},{"v":216,"d":"216.0"}]
["Equinocultura","cabeças",155,{"v":1,"d":"1.0"},7.1,{"v":60,"d":"60.0"},{"v":1101,"d":"1,101.0"}]
["Javalis (Criadouro)","cabeças",1,{"v":600,"d":"600.0"},{"v":600,"d":"600.0"},{"v":600,"d":"600.0"},{"v":600,"d":"600.0"}]
["Outra Exploração Animal","cabeças",1,{"v":200,"d":"200.0"},{"v":200,"d":"200.0"},{"v":200,"d":"200.0"},{"v":200,"d":"200.0"}]
["Ovinocultura","cabeças",20,{"v":3,"d":"3.0"},{"v":35.15,"d":"35.2"},{"v":126,"d":"126.0"},{"v":703,"d":"703.0"}]
["Piscicultura","m² tanques",3,{"v":300,"d":"300.0"},{"v":4266.67,"d":"4,266.7"},{"v":10000,"d":"10,000.0"},{"v":12800,"d":"12,800.0"}]
["Suinocultura","cabeças",33,{"v":1,"d":"1.0"},{"v":42.52,"d":"42.5"},{"v":900,"d":"900.0"},{"v":1403,"d":"1,403.0"}]
["Fonte: Secretaria de Agricultura e Abastecimento, CDRS/IEA, Projeto LUPA."]
[]
["TABELA 267.3 -  Máquinas, Implementos e Benfeitorias, Município de Itatiba, Estado de São Paulo, 2007/08."]
["ITEM","UNIDADE","N.DE UPAs","MÍNIMO","MÉDIO","MÁXIMO","TOTAL"]
["Arado Comum (Bacia, Aiveca)","Unidade",184,{"v":1,"d":"1.0"},{"v":1.21,"d":"1.2"},{"v":5,"d":"5.0"},{"v":223,"d":"223.0"}]
["Arado Escarificador","Unidade",57,{"v":1,"d":"1.0"},{"v":1.19,"d":"1.2"},{"v":3,"d":"3.0"},{"v":68,"d":"68.0"}]
["Arado Subsolador","Unidade",47,{"v":1,"d":"1.0"},{"v":1.09,"d":"1.1"},{"v":2,"d":"2.0"},{"v":51,"d":"51.0"}]
["Batedeira de Cereais","Unidade",8,{"v":1,"d":"1.0"},{"v":1.13,"d":"1.1"},{"v":2,"d":"2.0"},{"v":9,"d":"9.0"}]
["Câmara Fria","Unidade",3,{"v":1,"d":"1.0"},{"v":1,"d":"1.0"},{"v":1,"d":"1.0"},{"v":3,"d":"3.0"}]
["Carregadeira de Cana","Unidade",2,{"v":1,"d":"1.0"},1.5,{"v":2,"d":"2.0"},{"v":3,"d":"3.0"}]
["Colhedeira Acoplada","Unidade",17,{"v":1,"d":"1.0"},{"v":1.47,"d":"1.5"},{"v":7,"d":"7.0"},{"v":25,"d":"25.0"}]
["Colhedeira Automotriz","Unidade",3,{"v":1,"d":"1.0"},{"v":1,"d":"1.0"},{"v":1,"d":"1.0"},{"v":3,"d":"3.0"}]
["Computador","Unidade",23,{"v":1,"d":"1.0"},{"v":1.17,"d":"1.2"},{"v":2,"d":"2.0"},{"v":27,"d":"27.0"}]
["Conj.Irrigação Autopropelido","Unidade",1,{"v":1,"d":"1.0"},{"v":1,"d":"1.0"},{"v":1,"d":"1.0"},{"v":1,"d":"1.0"}]
["Conj.Irrigação Convencional","Unidade",143,{"v":1,"d":"1.0"},{"v":1.26,"d":"1.3"},{"v":3,"d":"3.0"},{"v":180,"d":"180.0"}]
["Conj.Irrigação Pivot Central","Unidade",1,{"v":1,"d":"1.0"},{"v":1,"d":"1.0"},{"v":1,"d":"1.0"},{"v":1,"d":"1.0"}]
["Conj.Irrigação/Gotejamento/Microaspersão","Unidade",15,{"v":1,"d":"1.0"},1.6,{"v":5,"d":"5.0"},{"v":24,"d":"24.0"}]
["Conjunto de Fenação","Unidade",11,{"v":1,"d":"1.0"},{"v":1,"d":"1.0"},{"v":1,"d":"1.0"},{"v":11,"d":"11.0"}]
["Desintegrador, Picador, Triturador","Unidade",156,{"v":1,"d":"1.0"},{"v":1.07,"d":"1.1"},{"v":3,"d":"3.0"},{"v":167,"d":"167.0"}]
["Distribuidor de Calcário","Unidade",19,{"v":1,"d":"1.0"},{"v":1.11,"d":"1.1"},{"v":2,"d":"2.0"},{"v":21,"d":"21.0"}]
["Ensiladeira","Unidade",20,{"v":1,"d":"1.0"},{"v":1.15,"d":"1.2"},{"v":2,"d":"2.0"},{"v":23,"d":"23.0"}]
["Grade Aradora (Tipo Romi)","Unidade",68,{"v":1,"d":"1.0"},1.1,{"v":3,"d":"3.0"},{"v":75,"d":"75.0"}]
["Grade Niveladora","Unidade",142,{"v":1,"d":"1.0"},{"v":1.11,"d":"1.1"},{"v":3,"d":"3.0"},{"v":158,"d":"158.0"}]
["Implementos para Tração Animal","Unidade",10,{"v":1,"d":"1.0"},1.4,{"v":3,"d":"3.0"},{"v":14,"d":"14.0"}]
["Máquina de Classificar Frutas","Unidade",2,{"v":1,"d":"1.0"},{"v":1,"d":"1.0"},{"v":1,"d":"1.0"},{"v":2,"d":"2.0"}]
["Microtrator","Unidade",77,{"v":1,"d":"1.0"},{"v":1.05,"d":"1.1"},{"v":2,"d":"2.0"},{"v":81,"d":"81.0"}]
["Misturador de Ração","Unidade",8,{"v":1,"d":"1.0"},{"v":1,"d":"1.0"},{"v":1,"d":"1.0"},{"v":8,"d":"8.0"}]
["Ordenhadeira Mecânica","Unidade",5,{"v":1,"d":"1.0"},{"v":1,"d":"1.0"},{"v":1,"d":"1.0"},{"v":5,"d":"5.0"}]
["Pulverizador Tratorizado","Unidade",135,{"v":1,"d":"1.0"},{"v":1.15,"d":"1.2"},{"v":3,"d":"3.0"},{"v":155,"d":"155.0"}]
["Resfriador de Leite, Tanque Expansão","Unidade",4,{"v":1,"d":"1.0"},{"v":1,"d":"1.0"},{"v":1,"d":"1.0"},{"v":4,"d":"4.0"}]
["Semeadeira/Adubadeira para Plantio Convencional","Unidade",20,{"v":1,"d":"1.0"},{"v":1.05,"d":"1.1"},{"v":2,"d":"2.0"},{"v":21,"d":"21.0"}]
["Semeadeira/Plantadeira Plantio Direto","Unidade",10,{"v":1,"d":"1.0"},{"v":2,"d":"2.0"},{"v":10,"d":"10.0"},{"v":20,"d":"20.0"}]
["Terraceador","Unidade",2,{"v":1,"d":"1.0"},{"v":1,"d":"1.0"},{"v":1,"d":"1.0"},{"v":2,"d":"2.0"}]
["Trator de Esteiras","Unidade",3,{"v":1,"d":"1.0"},{"v":1,"d":"1.0"},{"v":1,"d":"1.0"},{"v":3,"d":"3.0"}]
["Trator de Pneus","Unidade",299,{"v":1,"d":"1.0"},{"v":1.62,"d":"1.6"},{"v":8,"d":"8.0"},{"v":485,"d":"485.0"}]
["Açude/Represa","Unidade",331,{"v":1,"d":"1.0"},{"v":1.77,"d":"1.8"},{"v":10,"d":"10.0"},{"v":586,"d":"586.0"}]
["Adega Cantina","Unidade",2,{"v":1,"d":"1.0"},{"v":1,"d":"1.0"},{"v":1,"d":"1.0"},{"v":2,"d":"2.0"}]
["Almoxarifado/Oficina","Unidade",31,{"v":1,"d":"1.0"},{"v":1.06,"d":"1.1"},{"v":3,"d":"3.0"},{"v":33,"d":"33.0"}]
["Armazém para Grãos Ensacados","Sacas",8,{"v":1,"d":"1.0"},{"v":13063,"d":"13,063.0"},{"v":100000,"d":"100,000.0"},{"v":104504,"d":"104,504.0"}]
["Balança para Bovinos","Unidade",9,{"v":1,"d":"1.0"},{"v":1,"d":"1.0"},{"v":1,"d":"1.0"},{"v":9,"d":"9.0"}]
["Balança para Veículos","Unidade",2,{"v":1,"d":"1.0"},{"v":1,"d":"1.0"},{"v":1,"d":"1.0"},{"v":2,"d":"2.0"}]
["Barracão para Bicho da Seda/Sirgaria","Unidade",1,{"v":1,"d":"1.0"},{"v":1,"d":"1.0"},{"v":1,"d":"1.0"},{"v":1,"d":"1.0"}]
["Barracão para Cultivo de Cogumelo","Unidade",2,{"v":2,"d":"2.0"},2.5,{"v":3,"d":"3.0"},{"v":5,"d":"5.0"}]
["Barracão para Granja/Avicultura","Unidade",31,{"v":1,"d":"1.0"},{"v":3.65,"d":"3.7"},{"v":14,"d":"14.0"},{"v":113,"d":"113.0"}]
["Barracão/Galpão/Garagem","Unidade",455,{"v":1,"d":"1.0"},{"v":1.49,"d":"1.5"},{"v":10,"d":"10.0"},{"v":680,"d":"680.0"}]
["Casa de Moradia Habitada","Unidade",601,{"v":1,"d":"1.0"},{"v":2.48,"d":"2.5"},{"v":25,"d":"25.0"},{"v":1490,"d":"1,490.0"}]
["Casa de Moradia Total","Unidade",630,{"v":1,"d":"1.0"},{"v":3.24,"d":"3.2"},{"v":36,"d":"36.0"},{"v":2041,"d":"2,041.0"}]
["Curral/Mangueira","Unidade",161,{"v":1,"d":"1.0"},{"v":1.11,"d":"1.1"},{"v":5,"d":"5.0"},{"v":178,"d":"178.0"}]
["Depósito/Tulha","Unidade",49,{"v":1,"d":"1.0"},{"v":1.39,"d":"1.4"},{"v":8,"d":"8.0"},{"v":68,"d":"68.0"}]
["Engenho","Unidade",1,{"v":1,"d":"1.0"},{"v":1,"d":"1.0"},{"v":1,"d":"1.0"},{"v":1,"d":"1.0"}]
["Estábulo","Unidade",101,{"v":1,"d":"1.0"},{"v":1.13,"d":"1.1"},{"v":7,"d":"7.0"},{"v":114,"d":"114.0"}]
["Estufa/Plasticultura","m²",12,{"v":1,"d":"1.0"},{"v":3315.92,"d":"3,315.9"},{"v":20000,"d":"20,000.0"},{"v":39791,"d":"39,791.0"}]
["Fábrica de Ração","Unidade",8,{"v":1,"d":"1.0"},{"v":1,"d":"1.0"},{"v":1,"d":"1.0"},{"v":8,"d":"8.0"}]
["Instalações para Equinos","Unidade",64,{"v":1,"d":"1.0"},{"v":10.63,"d":"10.6"},{"v":93,"d":"93.0"},{"v":680,"d":"680.0"}]
["Máquina de Benefício","Unidade",3,{"v":1,"d":"1.0"},{"v":1.33,"d":"1.3"},{"v":2,"d":"2.0"},{"v":4,"d":"4.0"}]
["Packing House","Unidade",8,{"v":1,"d":"1.0"},{"v":1,"d":"1.0"},{"v":1,"d":"1.0"},{"v":8,"d":"8.0"}]
["Pocilga","Unidade",26,{"v":1,"d":"1.0"},{"v":1.73,"d":"1.7"},{"v":8,"d":"8.0"},{"v":45,"d":"45.0"}]
["Poço Semi-Artesiano","Unidade",23,{"v":1,"d":"1.0"},{"v":1.13,"d":"1.1"},{"v":2,"d":"2.0"},{"v":26,"d":"26.0"}]
["Posto Meteorológico","Unidade",1,{"v":1,"d":"1.0"},{"v":1,"d":"1.0"},{"v":1,"d":"1.0"},{"v":1,"d":"1.0"}]
["Secador de Grãos","Unidade",5,{"v":1,"d":"1.0"},{"v":2,"d":"2.0"},{"v":4,"d":"4.0"},{"v":10,"d":"10.0"}]
["Silo para Grãos","t",10,{"v":2,"d":"2.0"},{"v":279,"d":"279.0"},{"v":1600,"d":"1,600.0"},{"v":2790,"d":"2,790.0"}]
["Silo para Silagem","t",12,{"v":80,"d":"80.0"},{"v":880.83,"d":"880.8"},{"v":4000,"d":"4,000.0"},{"v":10570,"d":"10,570.0"}]
["Terreiro","m²",11,{"v":1,"d":"1.0"},{"v":2872.82,"d":"2,872.8"},{"v":15000,"d":"15,000.0"},{"v":31601,"d":"31,601.0"}]
["Usina de Açúcar/destilaria","Unidade",1,{"v":1,"d":"1.0"},{"v":1,"d":"1.0"},{"v":1,"d":"1.0"},{"v":1,"d":"1.0"}]
["Fonte: Secretaria de Agricultura e Abastecimento, CDRS/IEA, Projeto LUPA."]
[]
["TABELA 267.4 - Outras Estatísticas Agrícolas, Município de Itatiba, Estado de São Paulo, 2007/08."]
["ITEM","Número de UPAs",null,"Percentual"]
["Faz Parte de Associação de Produtores",57,null,{"v":7.373868046571799,"d":"7.4"}]
["Faz Parte de Cooperativa de Produtores",13,null,{"v":1.6817593790426908,"d":"1.7"}]
["Faz Parte do Sindicato de Produtores",239,null,{"v":30.91849935316947,"d":"30.9"}]
["Não utiliza assistência técnica ",409,null,{"v":52.910737386804655,"d":"52.9"}]
["Utiliza somente assistência técnica governamental ",132,null,{"v":17.076326002587322,"d":"17.1"}]
["Utiliza somente assistência técnica privada ",64,null,{"v":8.279430789133247,"d":"8.3"}]
["Utiliza assistência técnica tanto governamental quanto privada",168,null,{"v":21.733505821474775,"d":"21.7"}]
["Utiliza Crédito Rural",17,null,{"v":2.1992238033635187,"d":"2.2"}]
["Utiliza Seguro Rural",27,null,{"v":3.4928848641655885,"d":"3.5"}]
["Utiliza Escrituração Agrícola",280,null,{"v":36.222509702457955,"d":"36.2"}]
["Acessa Internet p/ Fins na Agropecuária",48,null,{"v":6.2095730918499354,"d":"6.2"}]
["Utiliza Computador nas Atividades Agropecuárias",71,null,{"v":9.184993531694696,"d":"9.2"}]
["Utiliza Energia Elétrica Para Uso na Atividade Agrícola",677,null,{"v":87.58085381630012,"d":"87.6"}]
["Realiza Análise de Solo, quando necessário",134,null,{"v":17.335058214747736,"d":"17.3"}]
["Utiliza Práticas de Conservação de Solo, quando necessário",173,null,{"v":22.38033635187581,"d":"22.4"}]
["Faz Adubação Mineral, quando necessário",358,null,{"v":46.31306597671411,"d":"46.3"}]
["Faz Adubação Orgânica, quando necessário",270,null,{"v":34.92884864165588,"d":"34.9"}]
["Faz Adubação Verde, quando necessário",48,null,{"v":6.2095730918499354,"d":"6.2"}]
["Utiliza Manejo Integrado de Pragas (MIP)",1,null,{"v":0.129366106080207,"d":"0.1"}]
["Utiliza Hidroponia",5,null,{"v":0.646830530401035,"d":"0.6"}]
["Utiliza Plasticultura",18,null,{"v":2.3285899094437257,"d":"2.3"}]
["Utiliza Mudas Fiscalizadas",184,null,{"v":23.803363518758083,"d":"23.8"}]
["Utiliza Semente Melhorada",202,null,{"v":26.13195342820181,"d":"26.1"}]
["Faz Confinamento de Bovinos",6,null,{"v":0.7761966364812419,"d":"0.8"}]
["Utiliza Pastejo Intensivo",124,null,{"v":16.041397153945667,"d":"16.0"}]
["Faz Inseminação Artificial",13,null,{"v":1.6817593790426908,"d":"1.7"}]
["Faz Mineralização do Rebanho",300,null,{"v":38.809831824062094,"d":"38.8"}]
["Faz Vermifugação do Rebanho",304,null,{"v":39.32729624838292,"d":"39.3"}]
["Possui Parceiros /Arrendatários na Exploração Animal",45,null,{"v":5.821474773609314,"d":"5.8"}]
["Esporte e lazer",13,null,{"v":1.6817593790426908,"d":"1.7"}]
["Extração mineral","-",null,"-"]
["Hotel Fazenda, Pousada ou SPA",2,null,{"v":0.258732212160414,"d":"0.3"}]
["Pesque-pague",4,null,{"v":0.517464424320828,"d":"0.5"}]
["Restaurante ou Lanchonete",9,null,{"v":1.1642949547218628,"d":"1.2"}]
["Transformação artesanal",3,null,{"v":0.38809831824062097,"d":"0.4"}]
["Turismo rural ou ecoturismo",4,null,{"v":0.517464424320828,"d":"0.5"}]
["Outras atividades econômicas rurais",16,null,{"v":2.069857697283312,"d":"2.1"}]
["Agroindústria",3,null,{"v":0.38809831824062097,"d":"0.4"}]
["Proprietário sem instrução ou com instrução incompleta",14,null,{"v":1.811125485122898,"d":"1.8"}]
["Proprietário com antigo primário completo",269,null,{"v":34.79948253557568,"d":"34.8"}]
["Proprietário com 1° grau (ou antigo ginasial) completo",125,null,{"v":16.170763260025872,"d":"16.2"}]
["Proprietário com 2° grau (ou antigo colegial) completo",128,null,{"v":16.558861578266495,"d":"16.6"}]
["Proprietário com curso superior completo ",200,null,{"v":25.873221216041397,"d":"25.9"}]
["Pessoa Jurídica",37,null,{"v":4.786545924967659,"d":"4.8"}]
["Proprietário residente na própria UPA ",265,null,{"v":34.28201811125485,"d":"34.3"}]
["Fonte: Secretaria de Agricultura e Abastecimento, CDRS/IEA, Projeto LUPA."]
[]
["TABELA 267.5 - Área Cultivada, Município de Itatiba, Estado de São Paulo, 2007/08."]
["CULTURA","N.DE UPAs","MÍNIMO","MÉDIO","MÁXIMO","TOTAL"]
["Braquiaria",578,0.1,{"v":22.52,"d":"22.5"},592.6,{"v":13014.4,"d":"13,014.4"}]
["Eucalipto",172,0.1,{"v":14.69,"d":"14.7"},{"v":296,"d":"296.0"},{"v":2526.4,"d":"2,526.4"}]
["Milho",164,0.5,{"v":9.89,"d":"9.9"},{"v":140,"d":"140.0"},{"v":1621.9,"d":"1,621.9"}]
["Cana-de-acucar",34,0.1,{"v":25.37,"d":"25.4"},{"v":700,"d":"700.0"},862.7]
["Gramas",34,0.3,{"v":14.19,"d":"14.2"},80.6,482.4]
["Feijao-vagem (ou vagem, ou feijao-verde)",60,0.3,{"v":6.41,"d":"6.4"},{"v":65,"d":"65.0"},384.4]
["Cafe",16,0.2,{"v":12.71,"d":"12.7"},60.9,203.4]
["Outras gramineas para pastagem",15,0.6,{"v":12.99,"d":"13.0"},{"v":82,"d":"82.0"},194.9]
["Uva rustica",74,0.1,2.5,{"v":8,"d":"8.0"},184.7]
["Caqui",77,0.1,{"v":2.11,"d":"2.1"},10.6,162.1]
["Couve-flor",21,0.3,{"v":5.28,"d":"5.3"},{"v":60,"d":"60.0"},110.8]
["Pimentao",28,0.2,{"v":2.71,"d":"2.7"},{"v":9,"d":"9.0"},{"v":76,"d":"76.0"}]
["Pomar domestico",90,0.1,{"v":0.72,"d":"0.7"},{"v":5,"d":"5.0"},64.4]
["Pinus",8,{"v":1,"d":"1.0"},{"v":6.76,"d":"6.8"},{"v":30,"d":"30.0"},54.1]
["Pessego",29,0.1,{"v":1.56,"d":"1.6"},{"v":6,"d":"6.0"},45.3]
["Capim-napier (ou capim-elefante)",16,0.2,{"v":2.43,"d":"2.4"},15.2,38.8]
["Abobora (ou jerimum)",27,0.1,{"v":1.41,"d":"1.4"},{"v":6,"d":"6.0"},{"v":38,"d":"38.0"}]
["Laranja",26,0.2,{"v":1.38,"d":"1.4"},{"v":8,"d":"8.0"},35.8]
["Figo (ou figo-da-europa)",4,{"v":2,"d":"2.0"},{"v":8.13,"d":"8.1"},{"v":13,"d":"13.0"},32.5]
["Tangerina",13,0.3,{"v":2.46,"d":"2.5"},{"v":17,"d":"17.0"},{"v":32,"d":"32.0"}]
["Repolho",10,0.6,{"v":2.28,"d":"2.3"},{"v":8,"d":"8.0"},22.8]
["Morango",4,{"v":1,"d":"1.0"},5.5,{"v":18,"d":"18.0"},{"v":22,"d":"22.0"}]
["Jilo",6,0.1,3.2,{"v":6,"d":"6.0"},19.2]
["Brocolos (ou brocolis)",8,0.5,{"v":2.38,"d":"2.4"},{"v":9,"d":"9.0"},{"v":19,"d":"19.0"}]
["Alface",14,0.2,{"v":1.29,"d":"1.3"},{"v":6,"d":"6.0"},18.1]
["Banana",4,0.3,4.2,7.5,16.8]
["Pepino",11,0.2,{"v":1.28,"d":"1.3"},{"v":3,"d":"3.0"},14.1]
["Berinjela",8,0.3,{"v":1.65,"d":"1.7"},4.5,13.2]
["Alfafa",2,{"v":3,"d":"3.0"},6.5,{"v":10,"d":"10.0"},{"v":13,"d":"13.0"}]
["Pupunha",1,{"v":10,"d":"10.0"},{"v":10,"d":"10.0"},{"v":10,"d":"10.0"},{"v":10,"d":"10.0"}]
["Feijao",6,{"v":1,"d":"1.0"},{"v":1.58,"d":"1.6"},{"v":3,"d":"3.0"},9.5]
["Tomate envarado",6,0.5,{"v":1.52,"d":"1.5"},3.6,9.1]
["Feijao-de-corda",2,{"v":2,"d":"2.0"},{"v":4,"d":"4.0"},{"v":6,"d":"6.0"},{"v":8,"d":"8.0"}]
["Outras olericolas",9,0.1,{"v":0.87,"d":"0.9"},{"v":3,"d":"3.0"},7.8]
["Horta domestica",10,0.1,{"v":0.76,"d":"0.8"},{"v":5,"d":"5.0"},7.6]
["Ameixa",8,0.4,{"v":0.88,"d":"0.9"},1.5,{"v":7,"d":"7.0"}]
["Abacate",4,0.1,1.4,{"v":5,"d":"5.0"},5.6]
["Goiaba",2,1.2,2.6,{"v":4,"d":"4.0"},5.2]
["Mandioca",3,{"v":1,"d":"1.0"},{"v":1.67,"d":"1.7"},{"v":3,"d":"3.0"},{"v":5,"d":"5.0"}]
["Noz-peca  (ou peca)",2,{"v":2,"d":"2.0"},2.2,2.4,4.4]
["Couve (ou couve-crespa)",3,0.5,{"v":1.33,"d":"1.3"},{"v":3,"d":"3.0"},{"v":4,"d":"4.0"}]
["Bambu",1,{"v":4,"d":"4.0"},{"v":4,"d":"4.0"},{"v":4,"d":"4.0"},{"v":4,"d":"4.0"}]
["Macadamia (ou noz-macadamia)",2,0.5,{"v":1.75,"d":"1.8"},{"v":3,"d":"3.0"},3.5]
["Outras florestais",2,{"v":1,"d":"1.0"},1.7,2.4,3.4]
["Limao",2,0.8,{"v":1.65,"d":"1.7"},2.5,3.3]
["Tomate rasteiro",4,0.5,{"v":0.83,"d":"0.8"},{"v":1,"d":"1.0"},3.3]
["Manga",3,0.1,1.1,{"v":2,"d":"2.0"},3.3]
["Maracuja",4,0.2,0.8,1.8,3.2]
["Uva para Indústria",4,0.4,{"v":0.73,"d":"0.7"},{"v":1,"d":"1.0"},2.9]
["Lichia",4,0.2,{"v":0.68,"d":"0.7"},{"v":1,"d":"1.0"},2.7]
["Quiabo",3,0.1,0.7,{"v":1,"d":"1.0"},2.1]
["Araucaria (ou pinheiro-do-parana)",1,{"v":2,"d":"2.0"},{"v":2,"d":"2.0"},{"v":2,"d":"2.0"},{"v":2,"d":"2.0"}]
["Aveia",2,0.3,{"v":0.65,"d":"0.7"},{"v":1,"d":"1.0"},1.3]
["Outras culturas temporárias",1,{"v":1,"d":"1.0"},{"v":1,"d":"1.0"},{"v":1,"d":"1.0"},{"v":1,"d":"1.0"}]
["Cebolinha",2,0.2,{"v":0.35,"d":"0.4"},0.5,0.7]
["Outros viveiros",1,0.4,0.4,0.4,0.4]
["Amora (ou amora-preta)",1,0.4,0.4,0.4,0.4]
["Viveiro de flores e ornamentais",1,0.3,0.3,0.3,0.3]
["Floricultura para corte",1,0.2,0.2,0.2,0.2]
["Pimenta",1,0.2,0.2,0.2,0.2]
["Fruta-do-conde (ou pinha, ou anona)",1,0.2,0.2,0.2,0.2]
["Hortela",1,0.1,0.1,0.1,0.1]
["Chuchu",1,0.1,0.1,0.1,0.1]
["Fonte: Secretaria de Agricultura e Abastecimento, CDRS/IEA, Projeto LUPA."]